000
00280nam a22001337a 4500
008
181012b xxu||||| |||| 00| 0 eng d
020
_a
0030712939
041
_a
eng
080
_a
573
100
_a
11
101
_a
BIO
245
_a
Modern Biology
_c
Otto,J.H
942
_2
udc
_c
BK
999
_c
49504
_d
49504